| 000 -LEADER |
| fixed length control field |
05588 a2200661 4500 |
| 040 ## - CATALOGING SOURCE |
| Original cataloging agency |
DLC |
| Language of cataloging |
DLC |
| 082 04 - DEWEY DECIMAL CLASSIFICATION NUMBER |
| Classification number |
300.72 |
| 100 1# - MAIN ENTRY--PERSONAL NAME |
| Personal name |
Bechhofer, Frank. |
| 245 10 - TITLE STATEMENT |
| Title |
Principles of research design in the social sciences |
| Medium |
Elektronisk resurs |
| Statement of responsibility, etc. |
Frank Bechhofer and Lindsay Paterson. |
| 260 ## - PUBLICATION, DISTRIBUTION, ETC. |
| Place of publication, distribution, etc. |
London ; |
| -- |
New York : |
| Name of publisher, distributor, etc. |
Routledge, |
| Date of publication, distribution, etc. |
2000. |
| 300 ## - PHYSICAL DESCRIPTION |
| Extent |
ix, 172 p. ; |
| Dimensions |
23 cm. |
| 490 1# - SERIES STATEMENT |
| Series statement |
Social research today |
| 650 #7 - SUBJECT ADDED ENTRY--TOPICAL TERM |
| Topical term or geographic name entry element |
Social sciences |
| General subdivision |
Research |
| 650 #7 - SUBJECT ADDED ENTRY--TOPICAL TERM |
| Topical term or geographic name entry element |
Social sciences |
| General subdivision |
Methodology |
| 655 #7 - INDEX TERM--GENRE/FORM |
| Genre/form data or focus term |
Electronic books. |
| 700 1# - ADDED ENTRY--PERSONAL NAME |
| Personal name |
Paterson, Lindsay. |
| 710 2# - ADDED ENTRY--CORPORATE NAME |
| Corporate name or jurisdiction name as entry element |
ebrary, Inc. |
| 830 #0 - SERIES ADDED ENTRY--UNIFORM TITLE |
| Uniform title |
Social research today (Routledge (Firm)) |
| 856 40 - ELECTRONIC LOCATION AND ACCESS |
| Uniform Resource Identifier |
<a href="http://miman.bib.bth.se/login?url=http://site.ebrary.com/lib/bthbib/Doc?id=10017803">http://miman.bib.bth.se/login?url=http://site.ebrary.com/lib/bthbib/Doc?id=10017803</a> |
| 856 40 - ELECTRONIC LOCATION AND ACCESS |
| Uniform Resource Identifier |
<a href="http://link.libris.kb.se/sfxbth?url_ver=Z39.88-2004&ctx_ver=Z39.88-2004&ctx_enc=info:ofi/enc:UTF-8&rfr_id=info:sid/sfxit.com:opac_856&url_ctx_fmt=info:ofi/fmt:kev:mtx:ctx&sfx.ignore_date_threshold=1&rft.object_id=1000000000006383&svc_val_fmt=info:ofi/fmt:kev:mtx:sch_svc&">http://link.libris.kb.se/sfxbth?url_ver=Z39.88-2004&ctx_ver=Z39.88-2004&ctx_enc=info:ofi/enc:UTF-8&rfr_id=info:sid/sfxit.com:opac_856&url_ctx_fmt=info:ofi/fmt:kev:mtx:ctx&sfx.ignore_date_threshold=1&rft.object_id=1000000000006383&svc_val_fmt=info:ofi/fmt:kev:mtx:sch_svc&</a> |
| 856 40 - ELECTRONIC LOCATION AND ACCESS |
| Uniform Resource Identifier |
<a href="http://link.libris.kb.se/sfxkib?url_ver=Z39.88-2004&ctx_ver=Z39.88-2004&ctx_enc=info:ofi/enc:UTF-8&rfr_id=info:sid/sfxit.com:opac_856&url_ctx_fmt=info:ofi/fmt:kev:mtx:ctx&sfx.ignore_date_threshold=1&rft.object_id=1000000000006383&svc_val_fmt=info:ofi/fmt:kev:mtx:sch_svc&">http://link.libris.kb.se/sfxkib?url_ver=Z39.88-2004&ctx_ver=Z39.88-2004&ctx_enc=info:ofi/enc:UTF-8&rfr_id=info:sid/sfxit.com:opac_856&url_ctx_fmt=info:ofi/fmt:kev:mtx:ctx&sfx.ignore_date_threshold=1&rft.object_id=1000000000006383&svc_val_fmt=info:ofi/fmt:kev:mtx:sch_svc&</a> |
| 856 40 - ELECTRONIC LOCATION AND ACCESS |
| Uniform Resource Identifier |
<a href="http://site.ebrary.com/lib/sodertorn/Doc?id=10017803">http://site.ebrary.com/lib/sodertorn/Doc?id=10017803</a> |
| 856 40 - ELECTRONIC LOCATION AND ACCESS |
| Uniform Resource Identifier |
<a href="http://ezproxy.ub.gu.se/login?url=http://site.ebrary.com/lib/gubselibrary/Doc?id=10017803">http://ezproxy.ub.gu.se/login?url=http://site.ebrary.com/lib/gubselibrary/Doc?id=10017803</a> |
| 856 40 - ELECTRONIC LOCATION AND ACCESS |
| Uniform Resource Identifier |
<a href="http://ezproxy.bib.hh.se:2048/login?url=http://site.ebrary.com/lib/halmstad/Doc?id=10017803">http://ezproxy.bib.hh.se:2048/login?url=http://site.ebrary.com/lib/halmstad/Doc?id=10017803</a> |
| 856 40 - ELECTRONIC LOCATION AND ACCESS |
| Uniform Resource Identifier |
<a href="http://www.du.se/proxy.aspx?=http://site.ebrary.com/lib/dalarna/Doc?id=10017803">http://www.du.se/proxy.aspx?=http://site.ebrary.com/lib/dalarna/Doc?id=10017803</a> |
| 856 40 - ELECTRONIC LOCATION AND ACCESS |
| Uniform Resource Identifier |
<a href="http://www.du.se/proxy.aspx?=http://site.ebrary.com/lib/dalarna/Doc?id=10017803">http://www.du.se/proxy.aspx?=http://site.ebrary.com/lib/dalarna/Doc?id=10017803</a> |
| 856 40 - ELECTRONIC LOCATION AND ACCESS |
| Uniform Resource Identifier |
<a href="http://link.libris.kb.se/sfxsub?url_ver=Z39.88-2004&ctx_ver=Z39.88-2004&ctx_enc=info:ofi/enc:UTF-8&rfr_id=info:sid/sfxit.com:opac_856&url_ctx_fmt=info:ofi/fmt:kev:mtx:ctx&sfx.ignore_date_threshold=1&rft.object_id=1000000000006383&svc_val_fmt=info:ofi/fmt:kev:mtx:sch_svc&">http://link.libris.kb.se/sfxsub?url_ver=Z39.88-2004&ctx_ver=Z39.88-2004&ctx_enc=info:ofi/enc:UTF-8&rfr_id=info:sid/sfxit.com:opac_856&url_ctx_fmt=info:ofi/fmt:kev:mtx:ctx&sfx.ignore_date_threshold=1&rft.object_id=1000000000006383&svc_val_fmt=info:ofi/fmt:kev:mtx:sch_svc&</a> |
| 856 40 - ELECTRONIC LOCATION AND ACCESS |
| Uniform Resource Identifier |
<a href="http://proxy.hgo.se:2048/login?url=http://site.ebrary.com/lib/almedalsbiblioteket/Doc?id=10017803">http://proxy.hgo.se:2048/login?url=http://site.ebrary.com/lib/almedalsbiblioteket/Doc?id=10017803</a> |
| 856 40 - ELECTRONIC LOCATION AND ACCESS |
| Uniform Resource Identifier |
<a href="http://costello.pub.hb.se/login?url=http://site.ebrary.com/lib/boras/Doc?id=10017803">http://costello.pub.hb.se/login?url=http://site.ebrary.com/lib/boras/Doc?id=10017803</a> |
| 856 40 - ELECTRONIC LOCATION AND ACCESS |
| Uniform Resource Identifier |
<a href="http://webproxy.student.hig.se:2048/login?url=http://site.ebrary.com/lib/gavlebiblioteket/Doc?id=10017803">http://webproxy.student.hig.se:2048/login?url=http://site.ebrary.com/lib/gavlebiblioteket/Doc?id=10017803</a> |
| 856 40 - ELECTRONIC LOCATION AND ACCESS |
| Uniform Resource Identifier |
<a href="http://proxy.hik.se/login?url=http://site.ebrary.com/lib/kalmar/Doc?id=10017803">http://proxy.hik.se/login?url=http://site.ebrary.com/lib/kalmar/Doc?id=10017803</a> |
| 856 40 - ELECTRONIC LOCATION AND ACCESS |
| Uniform Resource Identifier |
<a href="http://site.ebrary.com/lib/slub/Doc?id=10017803">http://site.ebrary.com/lib/slub/Doc?id=10017803</a> |
| 856 40 - ELECTRONIC LOCATION AND ACCESS |
| Uniform Resource Identifier |
<a href="http://site.ebrary.com/lib/slub/Doc?id=10017803">http://site.ebrary.com/lib/slub/Doc?id=10017803</a> |
| 856 40 - ELECTRONIC LOCATION AND ACCESS |
| Uniform Resource Identifier |
<a href="http://bibl.proxy.hj.se/login?url=http://site.ebrary.com/lib/jonhh/Doc?id=10017803">http://bibl.proxy.hj.se/login?url=http://site.ebrary.com/lib/jonhh/Doc?id=10017803</a> |
| 856 40 - ELECTRONIC LOCATION AND ACCESS |
| Uniform Resource Identifier |
<a href="http://site.ebrary.com/lib/slub/Doc?id=10017803">http://site.ebrary.com/lib/slub/Doc?id=10017803</a> |
| 856 40 - ELECTRONIC LOCATION AND ACCESS |
| Uniform Resource Identifier |
<a href="http://link.libris.kb.se/sfxslub?url_ver=Z39.88-2004&ctx_ver=Z39.88-2004&ctx_enc=info:ofi/enc:UTF-8&rfr_id=info:sid/sfxit.com:opac_856&url_ctx_fmt=info:ofi/fmt:kev:mtx:ctx&sfx.ignore_date_threshold=1&rft.object_id=1000000000006383&svc_val_fmt=info:ofi/fmt:kev:mtx:sch_svc&">http://link.libris.kb.se/sfxslub?url_ver=Z39.88-2004&ctx_ver=Z39.88-2004&ctx_enc=info:ofi/enc:UTF-8&rfr_id=info:sid/sfxit.com:opac_856&url_ctx_fmt=info:ofi/fmt:kev:mtx:ctx&sfx.ignore_date_threshold=1&rft.object_id=1000000000006383&svc_val_fmt=info:ofi/fmt:kev:mtx:sch_svc&</a> |
| 856 40 - ELECTRONIC LOCATION AND ACCESS |
| Uniform Resource Identifier |
<a href="http://site.ebrary.com/lib/slub/Doc?id=10017803">http://site.ebrary.com/lib/slub/Doc?id=10017803</a> |
| 856 40 - ELECTRONIC LOCATION AND ACCESS |
| Uniform Resource Identifier |
<a href="http://site.ebrary.com/lib/kaubib/Doc?id=10017803">http://site.ebrary.com/lib/kaubib/Doc?id=10017803</a> |
| 856 40 - ELECTRONIC LOCATION AND ACCESS |
| Uniform Resource Identifier |
<a href="http://site.ebrary.com/lib/kristianstad/Doc?id=10017803">http://site.ebrary.com/lib/kristianstad/Doc?id=10017803</a> |
| 856 40 - ELECTRONIC LOCATION AND ACCESS |
| Uniform Resource Identifier |
<a href="http://proxy.lib.ltu.se/login?url=http://site.ebrary.com/lib/lulea/Doc?id=10017803">http://proxy.lib.ltu.se/login?url=http://site.ebrary.com/lib/lulea/Doc?id=10017803</a> |
| 856 40 - ELECTRONIC LOCATION AND ACCESS |
| Uniform Resource Identifier |
<a href="http://proxy.lib.ltu.se/login?url=http://site.ebrary.com/lib/lulea/Doc?id=10017803">http://proxy.lib.ltu.se/login?url=http://site.ebrary.com/lib/lulea/Doc?id=10017803</a> |
| 856 40 - ELECTRONIC LOCATION AND ACCESS |
| Uniform Resource Identifier |
<a href="http://proxy.lib.ltu.se/login?url=http://site.ebrary.com/lib/lulea/Doc?id=10017803">http://proxy.lib.ltu.se/login?url=http://site.ebrary.com/lib/lulea/Doc?id=10017803</a> |
| 856 40 - ELECTRONIC LOCATION AND ACCESS |
| Uniform Resource Identifier |
<a href="https://lt.ltag.bibl.liu.se/login?url=http://site.ebrary.com/lib/linkoping/Doc?id=10017803">https://lt.ltag.bibl.liu.se/login?url=http://site.ebrary.com/lib/linkoping/Doc?id=10017803</a> |
| 856 40 - ELECTRONIC LOCATION AND ACCESS |
| Uniform Resource Identifier |
<a href="http://link.libris.kb.se/sfxliub?url_ver=Z39.88-2004&ctx_ver=Z39.88-2004&ctx_enc=info:ofi/enc:UTF-8&rfr_id=info:sid/sfxit.com:opac_856&url_ctx_fmt=info:ofi/fmt:kev:mtx:ctx&sfx.ignore_date_threshold=1&rft.object_id=1000000000006383&svc_val_fmt=info:ofi/fmt:kev:mtx:sch_svc&">http://link.libris.kb.se/sfxliub?url_ver=Z39.88-2004&ctx_ver=Z39.88-2004&ctx_enc=info:ofi/enc:UTF-8&rfr_id=info:sid/sfxit.com:opac_856&url_ctx_fmt=info:ofi/fmt:kev:mtx:ctx&sfx.ignore_date_threshold=1&rft.object_id=1000000000006383&svc_val_fmt=info:ofi/fmt:kev:mtx:sch_svc&</a> |
| 856 40 - ELECTRONIC LOCATION AND ACCESS |
| Uniform Resource Identifier |
<a href="http://support.mah.se/login?url=http://site.ebrary.com/lib/malmoe/Doc?id=10017803">http://support.mah.se/login?url=http://site.ebrary.com/lib/malmoe/Doc?id=10017803</a> |
| 856 40 - ELECTRONIC LOCATION AND ACCESS |
| Uniform Resource Identifier |
<a href="https://ep.bib.mdh.se/login?url=http://site.ebrary.com/lib/malardalen/Doc?id=10017803">https://ep.bib.mdh.se/login?url=http://site.ebrary.com/lib/malardalen/Doc?id=10017803</a> |
| 856 40 - ELECTRONIC LOCATION AND ACCESS |
| Uniform Resource Identifier |
<a href="https://ep.bib.mdh.se/login?url=http://site.ebrary.com/lib/malardalen/Doc?id=10017803">https://ep.bib.mdh.se/login?url=http://site.ebrary.com/lib/malardalen/Doc?id=10017803</a> |
| 856 40 - ELECTRONIC LOCATION AND ACCESS |
| Uniform Resource Identifier |
<a href="http://db.ub.oru.se/login?url=http://site.ebrary.com/lib/universitetsbiblioteket/Doc?id=10017803">http://db.ub.oru.se/login?url=http://site.ebrary.com/lib/universitetsbiblioteket/Doc?id=10017803</a> |
| 856 40 - ELECTRONIC LOCATION AND ACCESS |
| Uniform Resource Identifier |
<a href="http://link.libris.kb.se/sfxoub?url_ver=Z39.88-2004&ctx_ver=Z39.88-2004&ctx_enc=info:ofi/enc:UTF-8&rfr_id=info:sid/sfxit.com:opac_856&url_ctx_fmt=info:ofi/fmt:kev:mtx:ctx&sfx.ignore_date_threshold=1&rft.object_id=1000000000006383&svc_val_fmt=info:ofi/fmt:kev:mtx:sch_svc&">http://link.libris.kb.se/sfxoub?url_ver=Z39.88-2004&ctx_ver=Z39.88-2004&ctx_enc=info:ofi/enc:UTF-8&rfr_id=info:sid/sfxit.com:opac_856&url_ctx_fmt=info:ofi/fmt:kev:mtx:ctx&sfx.ignore_date_threshold=1&rft.object_id=1000000000006383&svc_val_fmt=info:ofi/fmt:kev:mtx:sch_svc&</a> |
| 856 40 - ELECTRONIC LOCATION AND ACCESS |
| Uniform Resource Identifier |
<a href="http://proxy.ub.umu.se/login?url=http://site.ebrary.com/lib/umeaub/Doc?id=10017803">http://proxy.ub.umu.se/login?url=http://site.ebrary.com/lib/umeaub/Doc?id=10017803</a> |
| 856 40 - ELECTRONIC LOCATION AND ACCESS |
| Uniform Resource Identifier |
<a href="http://link.libris.kb.se/sfxumub?url_ver=Z39.88-2004&ctx_ver=Z39.88-2004&ctx_enc=info:ofi/enc:UTF-8&rfr_id=info:sid/sfxit.com:opac_856&url_ctx_fmt=info:ofi/fmt:kev:mtx:ctx&sfx.ignore_date_threshold=1&rft.object_id=1000000000006383&svc_val_fmt=info:ofi/fmt:kev:mtx:sch_svc&">http://link.libris.kb.se/sfxumub?url_ver=Z39.88-2004&ctx_ver=Z39.88-2004&ctx_enc=info:ofi/enc:UTF-8&rfr_id=info:sid/sfxit.com:opac_856&url_ctx_fmt=info:ofi/fmt:kev:mtx:ctx&sfx.ignore_date_threshold=1&rft.object_id=1000000000006383&svc_val_fmt=info:ofi/fmt:kev:mtx:sch_svc&</a> |
| 856 40 - ELECTRONIC LOCATION AND ACCESS |
| Uniform Resource Identifier |
<a href="http://site.ebrary.com/lib/rdbib/Doc?id=10017803">http://site.ebrary.com/lib/rdbib/Doc?id=10017803</a> |
| 856 40 - ELECTRONIC LOCATION AND ACCESS |
| Uniform Resource Identifier |
<a href="https://persefone.his.se/login?url=http://site.ebrary.com/lib/hiskovde/Doc?id=10017803">https://persefone.his.se/login?url=http://site.ebrary.com/lib/hiskovde/Doc?id=10017803</a> |
| 856 40 - ELECTRONIC LOCATION AND ACCESS |
| Uniform Resource Identifier |
<a href="http://focus.lib.kth.se/login?url=http://site.ebrary.com/lib/kth/Doc?id=10017803">http://focus.lib.kth.se/login?url=http://site.ebrary.com/lib/kth/Doc?id=10017803</a> |
| 856 40 - ELECTRONIC LOCATION AND ACCESS |
| Uniform Resource Identifier |
<a href="http://databas.bib.vxu.se:2048/login?url=http://site.ebrary.com/lib/vaxjo/Doc?id=10017803">http://databas.bib.vxu.se:2048/login?url=http://site.ebrary.com/lib/vaxjo/Doc?id=10017803</a> |
| 856 40 - ELECTRONIC LOCATION AND ACCESS |
| Uniform Resource Identifier |
<a href="http://proxy.lib.chalmers.se/login?url=http://site.ebrary.com/lib/chalmers/Doc?id=10017803">http://proxy.lib.chalmers.se/login?url=http://site.ebrary.com/lib/chalmers/Doc?id=10017803</a> |
| 942 ## - ADDED ENTRY ELEMENTS (KOHA) |
| Koha item type |
Book |
| Call number prefix |
300.72 BEC |
| Source of classification or shelving scheme |
|